Derecho de daños: textos y materiales

保存先:
書誌詳細
第一著者: Roca, Encarna (著者)
フォーマット: 図書
言語:スペイン語
出版事項: Valencia Tirant lo Blanch 1998
版:2a. ed
主題:
タグ: タグ追加
タグなし, このレコードへの初めてのタグを付けませんか!

MARC

LEADER 00000nam a2200000 a 4500
001 UCP6566
003 CL-VaPUC
008 991029e19980000SP |||||||||||||||||spa|d
082 0 4 |a 346.03  |b ROC  |2 21 
100 0 |a Roca, Encarna  |e author  |9 435712 
245 1 0 |a Derecho de daños: textos y materiales 
250 |a 2a. ed 
300 |a 303 p 
942 |c BK 
945 |d 19991029 00:00:00  |a vberengu 
260 |a Valencia  |b Tirant lo Blanch  |c 1998 
650 0 |a Daño  |9 383182 
650 7 |a RESPONSABILIDAD CIVIL  |2 CL-VaPUC  |9 435713 
650 0 |a Responsabilidad extracontractual  |9 336742 
650 0 |a Responsabilidad objetiva  |9 435714 
583 |a last modification  |c 20170406 12:44:05  |k Rodrigo Vera 
999 |c 284074  |d 284072 
952 |0 0  |1 0  |4 0  |6 346_030000000000000_ROC_1998  |7 0  |8 A  |9 327814  |a BIBDER  |b BIBDER  |d 2019-11-20  |i 3572382  |l 2  |o 346.03 ROC 1998  |p 3572382  |r 2024-08-29  |s 2024-08-29  |w 2019-11-20  |y BK  |k DER